[Event "Rewal op-B 17th"]
[Site "Rewal"]
[Date "2012.08.??"]
[Round "9"]
[White "Przybylska, Agata"]
[Black "Bobryk, Konrad"]
[Result "0-1"]
[WhiteElo "1689"]
[BlackElo "1616"]
[PlyCount "54"]
[EventDate "2012.08.20"]
[EventType "swiss"]
[EventRounds "9"]
[EventCountry "POL"]
[SourceTitle "EXT 2014"]
[Source "ChessBase"]
[SourceDate "2013.11.20"]
[SourceVersion "1"]
[SourceVersionDate "2013.11.20"]
[SourceQuality "1"]

1. e4 c5 2. Nf3 Nc6 3. d4 cxd4 4. Nxd4 g6 5. Nc3 Bg7 6. Be3 Nf6 7. f3 0-0 8. Qd2 d5 9. Nxc6 bxc6 10. exd5 Nxd5 11. Nxd5 cxd5 12. c3 e5 13. Bb5 d4 14. cxd4 exd4 15. Bg5 Qb6 16. Ba4 Rb8 17. b3 Ba6 18. Rc1 Rbc8 19. Kf2 Rc3 20. Rhe1 Rfc8 21. Kg1 Be2 22. Kh1 d3 23. Bd7 R8c7 24. Bh3 Rc2 25. Rxc2 Rxc2 26. Qe3 Qxe3 27. Bxe3 d2 0-1

[Event "Rewal op-B 17th"]
[Site "Rewal"]
[Date "2012.08.??"]
[Round "1"]
[White "Przybylska, Agata"]
[Black "Czepczynski, Boguslaw"]
[Result "0-1"]
[WhiteElo "1689"]
[BlackElo "1971"]
[PlyCount "178"]
[EventDate "2012.08.20"]
[EventType "swiss"]
[EventRounds "9"]
[EventCountry "POL"]
[SourceTitle "EXT 2014"]
[Source "ChessBase"]
[SourceDate "2013.11.20"]
[SourceVersion "1"]
[SourceVersionDate "2013.11.20"]
[SourceQuality "1"]

1. e4 g6 2. d4 Bg7 3. c3 d6 4. Nf3 Nf6 5. Bg5 Nxe4 6. Bc4 Nxg5 7. Nxg5 0-0 8. 0-0 h6 9. Nf3 c5 10. dxc5 dxc5 11. Qe2 Nc6 12. Nbd2 Bg4 13. h3 Bxf3 14. Nxf3 Qc7 15. Qe3 Ne5 16. Nxe5 Qxe5 17. Qxe5 Bxe5 18. f4 Bf6 19. f5 Kg7 20. fxg6 fxg6 21. Rad1 Rad8 22. Be6 Bg5 23. Rxd8 Be3+ 24. Kh2 Rxf1 25. Rd7 Kf6 26. Bc4 Bf4+ 27. g3 Rf2+ 28. Kg1 Bxg3 29. Rxb7 Rd2 30. a4 h5 31. b3 Bh2+ 32. Kf1 Be5 33. Rxa7 Bxc3 34. Ra6+ Kf5 35. Re6 Bf6 36. Rc6 Kf4 37. Rxc5 g5 38. a5 Kf3 39. Bd5+ Ke3 40. Bc4 Bd4 41. Rxg5 Rd1+ 42. Kg2 Ra1 43. Rxh5 e5 44. a6 e4 45. Rh7 Ra2+ 46. Kg3 Ra1 47. Rf7 Rg1+ 48. Kh4 Kd2 49. a7 Ra1 50. Bd5 e3 51. Bc4 e2 52. Bxe2 Kxe2 53. Kg5 Bxa7 54. h4 Kd3 55. h5 Be3+ 56. Kg6 Rh1 57. b4 Kc4 58. Rb7 Kd5 59. Rb8 Bf4 60. Rb5+ Ke6 61. Rb6+ Bd6 62. b5 Rg1+ 63. Kh7 Kd7 64. Rb7+ Kc8 65. Rf7 Rg5 66. h6 Rxb5 67. Kg6 Rb1 68. h7 Rh1 69. Rg7 Be5 70. Re7 Bd4 71. Rf7 Kd8 72. Rf5 Ke7 73. Rh5 Rg1+ 74. Rg5 Rb1 75. Rh5 Rb6+ 76. Kg5 Bh8 77. Rh6 Rb1 78. Rg6 Bf6+ 79. Kf5 Rf1+ 80. Kg4 Rh1 81. h8Q Bxh8 82. Ra6 Bf6 83. Kf5 Rh5+ 84. Ke4 Rb5 85. Ra7+ Ke6 86. Rc7 Rb4+ 87. Kd3 Be5 88. Ra7 Rb3+ 89. Kc2 Rg3 0-1

[Event "Rewal op-B 17th"]
[Site "Rewal"]
[Date "2012.08.??"]
[Round "3"]
[White "Przybylska, Agata"]
[Black "Nowak, Ryszard"]
[Result "0-1"]
[WhiteElo "1689"]
[BlackElo "2046"]
[PlyCount "50"]
[EventDate "2012.08.20"]
[EventType "swiss"]
[EventRounds "9"]
[EventCountry "POL"]
[SourceTitle "EXT 2014"]
[Source "ChessBase"]
[SourceDate "2013.11.20"]
[SourceVersion "1"]
[SourceVersionDate "2013.11.20"]
[SourceQuality "1"]

1. e4 c6 2. d4 d5 3. e5 Bf5 4. Bd3 Bxd3 5. Qxd3 e6 6. f4 Nh6 7. Nf3 Nf5 8. c3 h5 9. Be3 Qb6 10. b3 c5 11. Nbd2 Nc6 12. 0-0 cxd4 13. Nxd4 Ncxd4 14. Bxd4 Bc5 15. Nf3 Rc8 16. Rac1 0-0 17. b4 Bxd4+ 18. Nxd4 Rc4 19. Rcd1 Rfc8 20. Rf2 Rxc3 21. Qb5 Rc1 22. Rfd2 Qxd4+ 23. Rxd4 Nxd4 24. Qf1 Rxd1 25. Qxd1 Rc1 0-1

[Event "Rewal op-B 17th"]
[Site "Rewal"]
[Date "2012.08.??"]
[Round "8"]
[White "Trepkowski, Piotr"]
[Black "Przybylska, Agata"]
[Result "1-0"]
[WhiteElo "1786"]
[BlackElo "1689"]
[PlyCount "73"]
[EventDate "2012.08.20"]
[EventType "swiss"]
[EventRounds "9"]
[EventCountry "POL"]
[SourceTitle "EXT 2014"]
[Source "ChessBase"]
[SourceDate "2013.11.20"]
[SourceVersion "1"]
[SourceVersionDate "2013.11.20"]
[SourceQuality "1"]

1. e4 e6 2. d4 d5 3. Nd2 Nf6 4. e5 Nfd7 5. Bd3 c5 6. c3 Nc6 7. Ne2 cxd4 8. cxd4 f6 9. exf6 Nxf6 10. 0-0 Bd6 11. Nf3 Qc7 12. g3 0-0 13. Bf4 Bd7 14. Rc1 Nh5 15. Bxd6 Qxd6 16. Nc3 a6 17. a3 Nf6 18. Na4 e5 19. dxe5 Nxe5 20. Nxe5 Qxe5 21. Nb6 Bg4 22. Qb3 Rae8 23. Rfe1 Qg5 24. Bf1 Kh8 25. Bg2 Re2 26. f4 Qh5 27. Rxe2 Bxe2 28. Nxd5 Nxd5 29. Qxd5 Qxd5 30. Bxd5 b5 31. Bb7 a5 32. Rc8 Rxc8 33. Bxc8 Kg8 34. Kf2 Bc4 35. Ke3 Kf7 36. Kd4 Ke7 37. Kc5 1-0

[Event "Police Gniota Memorial 27th"]
[Site "Police"]
[Date "2012.07.18"]
[Round "8"]
[White "Przybylska, Agata"]
[Black "Chlost, Marlena"]
[Result "0-1"]
[WhiteElo "1651"]
[BlackElo "2186"]
[PlyCount "80"]
[EventDate "2012.07.11"]
[EventType "swiss"]
[EventRounds "9"]
[EventCountry "POL"]
[SourceTitle "CBM 149 Extra"]
[Source "ChessBase"]
[SourceDate "2012.08.24"]
[SourceVersion "1"]
[SourceVersionDate "2012.08.24"]
[SourceQuality "1"]

1. d4 d5 2. Bf4 Nf6 3. e3 c6 4. c4 e6 5. Nc3 Be7 6. Bd3 dxc4 7. Bxc4 b5 8. Bd3 Bb7 9. Nf3 0-0 10. 0-0 a6 11. Ne4 Nd5 12. Bg3 Nd7 13. Nd6 Qb6 14. Rc1 c5 15. Nxb7 Qxb7 16. dxc5 Nxc5 17. Bb1 Rfd8 18. Qc2 g6 19. h4 Rac8 20. h5 Nf6 21. hxg6 hxg6 22. Qe2 Nce4 23. Be5 Ng4 24. Rcd1 Rxd1 25. Qxd1 Rd8 26. Qe2 Qd5 27. Bf4 e5 28. Bxe4 Qxe4 29. Ng5 Qf5 30. Nxf7 Kxf7 31. f3 Nf6 32. Bg3 Qd3 33. Qxd3 Rxd3 34. Bxe5 Rxe3 35. f4 Bc5 36. Kh1 Ng4 37. Bc3 b4 38. Be5 Nxe5 39. fxe5+ Kg7 40. Rf6 a5 0-1

[Event "Police Gniota Memorial 27th"]
[Site "Police"]
[Date "2012.07.17"]
[Round "7"]
[White "Lanica, Lukasz"]
[Black "Przybylska, Agata"]
[Result "0-1"]
[WhiteElo "1675"]
[BlackElo "1651"]
[PlyCount "70"]
[EventDate "2012.07.11"]
[EventType "swiss"]
[EventRounds "9"]
[EventCountry "POL"]
[SourceTitle "CBM 149 Extra"]
[Source "ChessBase"]
[SourceDate "2012.08.24"]
[SourceVersion "1"]
[SourceVersionDate "2012.08.24"]
[SourceQuality "1"]

1. e4 e5 2. d4 exd4 3. Qxd4 Nc6 4. Qe3 Nf6 5. Nc3 Bb4 6. Bd2 0-0 7. 0-0-0 Re8 8. Bc4 Na5 9. Bd3 d5 10. Nf3 dxe4 11. Nxe4 Bxd2+ 12. Rxd2 Bf5 13. Re1 Nd5 14. Qd4 Nc6 15. Qc5 Ncb4 16. Qc4 Nxd3+ 17. Rxd3 c6 18. Rd4 Qb6 19. Red1 Bxe4 20. Rxe4 Qxf2 21. Rde1 Rxe4 22. Qxe4 Qc5 23. Ng5 Nf6 24. Qh4 h6 25. Nf3 Rd8 26. c3 Qd5 27. Kb1 Qd3+ 28. Kc1 Qd5 29. a3 a5 30. Qf4 b5 31. g3 b4 32. axb4 axb4 33. c4 Qa5 34. Qe3 Qa2 35. Qe4 Nxe4 0-1

[Event "Police Gniota Memorial 27th"]
[Site "Police"]
[Date "2012.07.16"]
[Round "6"]
[White "Przybylska, Agata"]
[Black "Maruszczak, Joanna"]
[Result "1/2-1/2"]
[WhiteElo "1651"]
[BlackElo "1811"]
[PlyCount "85"]
[EventDate "2012.07.11"]
[EventType "swiss"]
[EventRounds "9"]
[EventCountry "POL"]
[SourceTitle "CBM 149 Extra"]
[Source "ChessBase"]
[SourceDate "2012.08.24"]
[SourceVersion "1"]
[SourceVersionDate "2012.08.24"]
[SourceQuality "1"]

1. d4 Nf6 2. c4 g6 3. g3 Bg7 4. Bg2 0-0 5. Nc3 d6 6. Nf3 Nbd7 7. e4 e5 8. 0-0 c6 9. Bg5 h6 10. Bxf6 Qxf6 11. d5 c5 12. Rb1 Qd8 13. b4 cxb4 14. Rxb4 Nc5 15. Qb1 f5 16. Nh4 Kh7 17. exf5 gxf5 18. Nd1 e4 19. Ne3 b6 20. Rb5 Kg8 21. Ng6 Rf7 22. Qd1 Ba6 23. Rb1 Rc8 24. Bh3 Qg5 25. Nf4 Be5 26. Ne6 Qg6 27. Nxc5 Rxc5 28. f4 Bg7 29. Rb4 h5 30. Ra4 Bc8 31. Kf2 Rfc7 32. Qd2 Kf8 33. Rb1 Bd7 34. Ra6 h4 35. Rb3 hxg3+ 36. hxg3 Qh5 37. Bg2 Bc8 38. Ra4 Qe8 39. Rab4 Ba6 40. Bf1 Qh5 41. Kg1 Qg6 42. Kf2 Bc8 43. Nc2 1/2-1/2

[Event "Police Gniota Memorial 27th"]
[Site "Police"]
[Date "2012.07.14"]
[Round "4"]
[White "Jacek, Krystian"]
[Black "Przybylska, Agata"]
[Result "1-0"]
[WhiteElo "2074"]
[BlackElo "1651"]
[PlyCount "75"]
[EventDate "2012.07.11"]
[EventType "swiss"]
[EventRounds "9"]
[EventCountry "POL"]
[SourceTitle "CBM 149 Extra"]
[Source "ChessBase"]
[SourceDate "2012.08.24"]
[SourceVersion "1"]
[SourceVersionDate "2012.08.24"]
[SourceQuality "1"]

1. e4 e6 2. d4 d5 3. Nd2 Nf6 4. e5 Nfd7 5. Bd3 c5 6. c3 Nc6 7. Ngf3 Qb6 8. 0-0 cxd4 9. cxd4 Nxd4 10. Nxd4 Qxd4 11. Nf3 Qb6 12. Qa4 Be7 13. a3 0-0 14. Qc2 h6 15. b4 Qc6 16. Qe2 Nb6 17. Nd4 Qc7 18. Bf4 Bd7 19. Rac1 Qd8 20. Bb1 Bg5 21. Bxg5 hxg5 22. Qh5 f5 23. exf6 Rxf6 24. Bg6 Rxg6 25. Qxg6 Qf6 26. Qd3 Nc4 27. Ne2 Rf8 28. f4 g4 29. f5 Nb2 30. Qd2 exf5 31. Qxd5+ Be6 32. Qd4 Qxd4+ 33. Nxd4 Bc8 34. Rc7 Nd3 35. Rd1 Nf4 36. Rdc1 Be6 37. Nxe6 Nxe6 38. Rxb7 1-0

[Event "Police Gniota Memorial 27th"]
[Site "Police"]
[Date "2012.07.12"]
[Round "2"]
[White "Hnydiuk, Aleksander"]
[Black "Przybylska, Agata"]
[Result "1-0"]
[WhiteElo "2427"]
[BlackElo "1651"]
[PlyCount "75"]
[EventDate "2012.07.11"]
[EventType "swiss"]
[EventRounds "9"]
[EventCountry "POL"]
[SourceTitle "CBM 149 Extra"]
[Source "ChessBase"]
[SourceDate "2012.08.24"]
[SourceVersion "1"]
[SourceVersionDate "2012.08.24"]
[SourceQuality "1"]

1. Nf3 Nf6 2. c4 e6 3. g3 b6 4. Bg2 Bb7 5. 0-0 Nc6 6. d4 d5 7. cxd5 Nxd5 8. e4 Nf6 9. Nc3 Be7 10. Bf4 Nh5 11. Be3 Nf6 12. Qa4 0-0 13. Rfd1 Na5 14. Ne5 Qe8 15. Qc2 Rc8 16. Qe2 c5 17. dxc5 Bxc5 18. Bg5 Be7 19. Bxf6 Bxf6 20. Nd7 Bxc3 21. bxc3 Rxc3 22. Nxf8 Kxf8 23. Rac1 Rxc1 24. Rxc1 Qd7 25. e5 Bxg2 26. Kxg2 Nc6 27. Qb5 Nb8 28. Qxd7 Nxd7 29. Rc8+ Ke7 30. f4 a6 31. Kf3 f6 32. Ke4 f5+ 33. Kd4 h6 34. Ra8 a5 35. Kc4 Nc5 36. Ra7+ Nd7 37. Kb5 Kd8 38. Kc6 1-0

[Event "Police Gniota Memorial 27th"]
[Site "Police"]
[Date "2012.07.11"]
[Round "3"]
[White "Przybylska, Agata"]
[Black "Zschaebitz, Klaus"]
[Result "0-1"]
[WhiteElo "1651"]
[BlackElo "2105"]
[PlyCount "104"]
[EventDate "2012.07.11"]
[EventType "swiss"]
[EventRounds "9"]
[EventCountry "POL"]
[SourceTitle "CBM 149 Extra"]
[Source "ChessBase"]
[SourceDate "2012.08.24"]
[SourceVersion "1"]
[SourceVersionDate "2012.08.24"]
[SourceQuality "1"]

1. e4 e6 2. d4 d5 3. e5 c5 4. c3 Qb6 5. a3 Nc6 6. Nf3 Nh6 7. Bd3 Bd7 8. Bc2 Be7 9. b4 cxd4 10. cxd4 Nf5 11. Bxf5 exf5 12. Be3 a5 13. Nc3 axb4 14. Nxd5 Qd8 15. axb4 Rxa1 16. Qxa1 Nxb4 17. Nxb4 Bxb4+ 18. Bd2 Bxd2+ 19. Nxd2 0-0 20. 0-0 Bc6 21. f4 Qd5 22. Nf3 Qe4 23. Qc1 h6 24. Re1 Qd5 25. Qc2 Qe6 26. Re3 Ra8 27. h3 Ra2 28. Qb3 Bd5 29. Qd3 g6 30. Qc3 Kg7 31. Qc5 Ra6 32. Nd2 Rc6 33. Qb4 Rc2 34. Ra3 Rc8 35. Nb1 Rc4 36. Qb2 Qc6 37. Rc3 Rxc3 38. Qxc3 Bxg2 39. Qxc6 Bxc6 40. Nc3 g5 41. fxg5 hxg5 42. Kf2 Kg6 43. d5 Be8 44. d6 f4 45. Nd5 Bd7 46. Kg2 b5 47. Ne7+ Kh5 48. Nd5 Kh4 49. Nf6 Bxh3+ 50. Kg1 b4 51. d7 Bxd7 52. Nxd7 b3 0-1

[Event "POL-chT U19 43th"]
[Site "Suchedniow"]
[Date "2012.07.??"]
[Round "8"]
[White "Dziodzio, Angelika"]
[Black "Przybylska, Agata"]
[Result "0-1"]
[WhiteElo "1886"]
[BlackElo "1651"]
[PlyCount "64"]
[EventDate "2012.07.21"]
[EventType "team-tourn"]
[EventRounds "9"]
[EventCountry "POL"]
[SourceTitle "EXT 2014"]
[Source "ChessBase"]
[SourceDate "2013.11.20"]
[SourceVersion "1"]
[SourceVersionDate "2013.11.20"]
[SourceQuality "1"]
[WhiteTeam "Rybnik MKSz U19"]
[BlackTeam "Grzybowo GKSz Solny U19"]
[WhiteTeamCountry "POL"]
[BlackTeamCountry "POL"]

1. e4 e6 2. Nf3 d5 3. e5 c5 4. b4 cxb4 5. a3 Nc6 6. axb4 Bxb4 7. c3 Be7 8. d4 a6 9. Bd3 h5 10. h4 Nh6 11. Bg5 Nf5 12. Na3 Rb8 13. Nc2 b5 14. Qd2 Rb6 15. g3 g6 16. Qf4 Qc7 17. g4 hxg4 18. Qxg4 b4 19. cxb4 Nxb4 20. Nxb4 Bxb4+ 21. Kf1 Qc3 22. Rd1 Rh5 23. Kg2 Bd7 24. Bf6 Ba3 25. Rb1 Bb2 26. Rhd1 a5 27. Rd2 a4 28. Rc2 Qxd3 29. Rbxb2 Rxb2 30. Rxb2 Bb5 31. Qf4 a3 32. Rd2 Qb1 0-1

[Event "POL-chT U19 43th"]
[Site "Suchedniow"]
[Date "2012.07.??"]
[Round "6"]
[White "Rudnik, Anna"]
[Black "Przybylska, Agata"]
[Result "1/2-1/2"]
[WhiteElo "1573"]
[BlackElo "1651"]
[PlyCount "110"]
[EventDate "2012.07.21"]
[EventType "team-tourn"]
[EventRounds "9"]
[EventCountry "POL"]
[SourceTitle "EXT 2014"]
[Source "ChessBase"]
[SourceDate "2013.11.20"]
[SourceVersion "1"]
[SourceVersionDate "2013.11.20"]
[SourceQuality "1"]
[WhiteTeam "Bialystok MUKS Stoczek 45 U19"]
[BlackTeam "Grzybowo GKSz Solny U19"]
[WhiteTeamCountry "POL"]
[BlackTeamCountry "POL"]

1. e4 c6 2. d4 d5 3. e5 Bf5 4. h4 c5 5. g4 Bd7 6. Bg2 e6 7. Ne2 Nc6 8. c3 h5 9. Ng3 hxg4 10. Qxg4 Nh6 11. Qd1 Qb6 12. dxc5 Bxc5 13. Qe2 Qc7 14. f4 0-0-0 15. Nd2 d4 16. Nb3 Bb6 17. Bd2 Kb8 18. 0-0-0 Na5 19. Kb1 Ba4 20. cxd4 Bxb3 21. axb3 Nxb3 22. d5 exd5 23. Bb4 Bc5 24. Qc2 Bxb4 25. Qxb3 Qc4 26. Qf3 Rd7 27. Rxd5 Rxd5 28. Qxd5 Qxd5 29. Bxd5 Rd8 30. Rd1 Be7 31. h5 Ng4 32. Nf5 Bf8 33. Bf3 Rxd1+ 34. Bxd1 Nh6 35. Nxh6 gxh6 36. Bb3 f6 37. e6 Kc7 38. Kc2 Bd6 39. f5 a6 40. Bd5 b5 41. Kd3 Kb6 42. Kd4 a5 43. Be4 a4 44. Kd5 Be7 45. Bc2 a3 46. bxa3 Bxa3 47. e7 Bxe7 48. Ke6 Bd8 49. Kf7 Bc7 50. Kxf6 Bf4 51. Kg7 Kc7 52. f6 Be5 53. Kg6 Kd8 54. Kf7 Bd4 55. Bg6 b4 1/2-1/2

[Event "Rewal op-B 16th"]
[Site "Rewal"]
[Date "2011.08.22"]
[Round "3"]
[White "Przybylska, Agata"]
[Black "Cyra, Dariusz"]
[Result "0-1"]
[WhiteElo "1604"]
[BlackElo "1830"]
[PlyCount "92"]
[EventDate "2011.08.18"]
[EventType "swiss"]
[EventRounds "9"]
[EventCountry "POL"]
[SourceTitle "CBM 144 Extra"]
[Source "ChessBase"]
[SourceDate "2011.10.28"]
[SourceVersion "1"]
[SourceVersionDate "2011.10.28"]
[SourceQuality "1"]

1. e4 e6 2. d4 d5 3. exd5 exd5 4. Bd3 Bd6 5. Ne2 Nc6 6. c3 Nge7 7. Qc2 Be6 8. Bf4 Ng6 9. Bxd6 Qxd6 10. Nd2 0-0-0 11. 0-0-0 Rde8 12. Kb1 Kb8 13. b4 Re7 14. Nb3 Rhe8 15. Rd2 Nh4 16. g3 Nf3 17. Rdd1 g5 18. b5 Nd8 19. Nd2 Bg4 20. h3 Nxd2+ 21. Rxd2 Bf3 22. Rc1 Qf6 23. Ng1 Be4 24. Bxe4 Rxe4 25. f3 Re1 26. Qxh7 Qd6 27. Qc2 Qxg3 28. Rg2 Rxc1+ 29. Kxc1 Qf4+ 30. Kb2 c6 31. bxc6 Nxc6 32. Rg4 Qe3 33. Qh2+ Ka8 34. Rg2 Rc8 35. Re2 Qd3 36. Rd2 Qc4 37. Qe2 Na5 38. Rc2 Qa4 39. Ka1 Re8 40. Qf2 Nc4 41. h4 gxh4 42. Rc1 Qa3 43. Qc2 h3 44. Rb1 Qa5 45. Rc1 Re3 46. f4 Qa3 0-1

[Event "Warsaw Najdorf Memorial op-B"]
[Site "Warsaw"]
[Date "2011.07.14"]
[Round "1"]
[White "Przybylska, Agata"]
[Black "Knapik, Andrzej"]
[Result "0-1"]
[WhiteElo "1604"]
[BlackElo "1926"]
[PlyCount "64"]
[EventDate "2011.07.14"]
[EventType "swiss"]
[EventRounds "9"]
[EventCountry "POL"]
[SourceTitle "EXT 2012"]
[Source "ChessBase"]
[SourceDate "2011.11.24"]
[SourceVersion "1"]
[SourceVersionDate "2011.11.24"]
[SourceQuality "1"]

1. e4 e6 2. d4 d5 3. Nc3 Bb4 4. a3 Bxc3+ 5. bxc3 dxe4 6. Qg4 Nf6 7. Qxg7 Rg8 8. Qh6 Rg6 9. Qh4 Qd5 10. Ne2 Qa5 11. Bd2 Nbd7 12. g3 Qa4 13. Ra2 b6 14. Nf4 Rg4 15. Qh6 Bb7 16. Ng2 Bd5 17. Rb2 Qxa3 18. Rb1 e3 19. fxe3 Ne4 20. Qh3 Ndf6 21. Bb5+ c6 22. Be2 Nxd2 23. Kxd2 Ne4+ 24. Ke1 Qxc3+ 25. Kf1 Nd2+ 26. Kf2 Rg6 27. Qxh7 Rf6+ 28. Kg1 Nxb1 29. Qh8+ Ke7 30. Qxa8 Qxc2 31. Qxa7+ Kf8 32. Qa6 b5 0-1

[Event "POL-ch U18 Girls"]
[Site "Murzasichle"]
[Date "2011.03.11"]
[Round "8"]
[White "Przybylska, Agata"]
[Black "Laszewicz, Magdalena"]
[Result "1-0"]
[WhiteElo "1586"]
[BlackElo "1633"]
[PlyCount "101"]
[EventDate "2011.03.05"]
[EventType "swiss"]
[EventRounds "9"]
[EventCountry "POL"]
[SourceTitle "EXT 2012"]
[Source "ChessBase"]
[SourceDate "2011.11.24"]
[SourceVersion "1"]
[SourceVersionDate "2011.11.24"]
[SourceQuality "1"]

1. e4 c5 2. Nf3 Nc6 3. d4 cxd4 4. Nxd4 d5 5. exd5 Qxd5 6. Nxc6 bxc6 7. Nc3 Qxd1+ 8. Nxd1 Bf5 9. Ne3 Bg6 10. Bd2 Nf6 11. 0-0-0 Ne4 12. Be1 e6 13. f3 Bc5 14. Ng4 Nf6 15. Ne5 Be3+ 16. Bd2 Bxd2+ 17. Rxd2 0-0 18. Nxc6 Nd5 19. Ba6 f6 20. Re1 Bf7 21. a3 g5 22. Bb7 Rae8 23. Nxa7 Re7 24. Bxd5 Rxa7 25. Bxe6 Rb8 26. Bxf7+ Kxf7 27. Re3 h5 28. h3 Kg6 29. b4 Kf5 30. c4 Kf4 31. Rc3 Re8 32. Kb2 Ra4 33. c5 Rc8 34. Rdc2 Ke5 35. b5 Ra5 36. Rb3 Kd5 37. b6 Kc6 38. Rbc3 Kb7 39. Rc4 Rc6 40. a4 Rc8 41. Kb3 Kc6 42. Re2 Kb7 43. Re7+ Kc6 44. Re6+ Kb7 45. Kb4 Raa8 46. Kb5 Rf8 47. c6+ Kb8 48. Rce4 Rc8 49. Re8 f5 50. Rxc8+ Kxc8 51. Re8# 1-0

[Event "POL-ch U18 Girls"]
[Site "Murzasichle"]
[Date "2011.03.09"]
[Round "6"]
[White "Palka, Dominika"]
[Black "Przybylska, Agata"]
[Result "1-0"]
[WhiteElo "1766"]
[BlackElo "1586"]
[PlyCount "53"]
[EventDate "2011.03.05"]
[EventType "swiss"]
[EventRounds "9"]
[EventCountry "POL"]
[SourceTitle "EXT 2012"]
[Source "ChessBase"]
[SourceDate "2011.11.24"]
[SourceVersion "1"]
[SourceVersionDate "2011.11.24"]
[SourceQuality "1"]

1. e4 e6 2. d4 d5 3. Nc3 Nf6 4. Bg5 Be7 5. e5 Nfd7 6. h4 Bxg5 7. hxg5 Qxg5 8. Nh3 Qe7 9. Qg4 g6 10. 0-0-0 a6 11. Nf4 c5 12. dxc5 Nxe5 13. Qg3 Nbd7 14. Nfxd5 exd5 15. f4 Qxc5 16. Rxd5 Qc7 17. fxe5 Nb6 18. Rd6 Be6 19. Bd3 Rc8 20. Rxe6+ fxe6 21. Bxg6+ Kd7 22. Rd1+ Nd5 23. Nxd5 exd5 24. Rxd5+ Ke7 25. Qg5+ Kf8 26. Qf6+ Kg8 27. Bf5 1-0

[Event "POL-ch U18 Girls"]
[Site "Murzasichle"]
[Date "2011.03.06"]
[Round "2"]
[White "Kowalska, Sara"]
[Black "Przybylska, Agata"]
[Result "1/2-1/2"]
[WhiteElo "1876"]
[BlackElo "1586"]
[PlyCount "98"]
[EventDate "2011.03.05"]
[EventType "swiss"]
[EventRounds "9"]
[EventCountry "POL"]
[SourceTitle "EXT 2012"]
[Source "ChessBase"]
[SourceDate "2011.11.24"]
[SourceVersion "1"]
[SourceVersionDate "2011.11.24"]
[SourceQuality "1"]

1. d4 Nf6 2. c4 e6 3. Nf3 b6 4. g3 Bb7 5. Bg2 Bb4+ 6. Bd2 Be7 7. 0-0 d6 8. Bc3 Nbd7 9. b3 0-0 10. Nbd2 c5 11. Qc2 cxd4 12. Nxd4 d5 13. Rac1 Rc8 14. Qb1 Nc5 15. Rfd1 dxc4 16. Bxb7 Nxb7 17. Nxc4 Qe8 18. Bb2 Bc5 19. Nf3 Ng4 20. Bd4 Qe7 21. Qb2 f6 22. Bxc5 Nxc5 23. Rd4 Nh6 24. b4 Na4 25. Qd2 Rfd8 26. a3 b5 27. Na5 Rxc1+ 28. Qxc1 Rxd4 29. Nxd4 Qd7 30. Qc6 Qxc6 31. Naxc6 a6 32. Nxe6 Nc3 33. Kf1 Nf5 34. Nc5 Nb1 35. Nxa6 Nxa3 36. Ke1 Nc4 37. Na5 Ncd6 38. f3 Kf7 39. Nc5 Nd4 40. Kd2 Ne6 41. Nxe6 Kxe6 42. Kd3 g5 43. Nc6 Kd5 44. Nd4 f5 45. g4 f4 46. h3 h6 47. Nc2 Nc4 48. Kc3 Ke5 49. Nd4 Nd6 1/2-1/2

[Event "POL-chT U19 1st League"]
[Site "Ustron"]
[Date "2011.??.??"]
[Round "9.29"]
[White "Wozniak, Mariola"]
[Black "Przybylska, Agata"]
[Result "0-1"]
[WhiteElo "1788"]
[BlackElo "1604"]
[PlyCount "184"]
[EventDate "2011.06.24"]
[EventType "team-tourn"]
[EventRounds "9"]
[EventCountry "POL"]
[SourceTitle "EXT 2015"]
[Source "ChessBase"]
[SourceDate "2014.11.20"]
[SourceVersion "1"]
[SourceVersionDate "2014.11.20"]
[SourceQuality "1"]
[WhiteTeam "Krakow KKSz 1893"]
[BlackTeam "Grzybowo GKSz Solny U19"]
[WhiteTeamCountry "POL"]
[BlackTeamCountry "POL"]

1. e4 c6 2. d4 d5 3. Nc3 dxe4 4. Nxe4 Bf5 5. Ng3 Bg6 6. h4 h6 7. Nf3 Nd7 8. h5 Bh7 9. Bd3 Bxd3 10. Qxd3 Ngf6 11. Bd2 Qc7 12. 0-0-0 e6 13. Ne4 Nxe4 14. Qxe4 Nf6 15. Qe2 0-0-0 16. g3 Nd5 17. c4 Nb4 18. a3 Na6 19. c5 Qe7 20. Bf4 Nc7 21. Qe1 Nd5 22. Be5 f6 23. Bd6 Qf7 24. Bxf8 Rhxf8 25. Nd2 Kb8 26. Nc4 Qe7 27. f4 Nc7 28. a4 Rd5 29. Qb4 Na6 30. Qc3 Rfd8 31. Nd6 Nc7 32. g4 Ne8 33. Nxe8 Qxe8 34. b3 Qd7 35. Rhe1 e5 36. fxe5 fxe5 37. Qg3 Ka8 38. Rxe5 Rxd4 39. Rxd4 Qxd4 40. Qe1 Qxg4 41. Re8 Qg5+ 42. Kb1 a6 43. Rxd8+ Qxd8 44. Qe5 Qg8 45. Kb2 Ka7 46. Qd6 Qe8 47. Qc7 Qb8 48. Qb6+ Ka8 49. b4 Qe5+ 50. Kb3 Qd5+ 51. Kc3 Kb8 52. Kb2 Kc8 53. Qa7 Qxh5 54. Qa8+ Kc7 55. Qf8 Qe5+ 56. Kb3 Qd5+ 57. Kc3 Qe5+ 58. Kb3 Qf6 59. Qh8 Qe6+ 60. Kc3 g5 61. Qg7+ Kb8 62. Qh8+ Ka7 63. Qd8 Qe3+ 64. Kc2 Qf4 65. Qb6+ Ka8 66. Qd8+ Qb8 67. Qf6 Qh2+ 68. Kd3 g4 69. b5 cxb5 70. axb5 Qg3+ 71. Kc4 axb5+ 72. Kxb5 Qd3+ 73. Kb4 Qe4+ 74. Ka5 Qe1+ 75. Kb5 Qe2+ 76. Kb4 Qd2+ 77. Kb5 Qd7+ 78. Kb4 Qd2+ 79. Kb5 Qd3+ 80. Kb4 Qb1+ 81. Ka5 Qa2+ 82. Kb4 Qa6 83. Qf8+ Ka7 84. Qg7 h5 85. Qg5 Qc6 86. Qxh5 Qe4+ 87. Kb5 Qd3+ 88. Kb4 g3 89. Qg5 Qe4+ 90. Kb5 g2 91. Qc1 Qd3+ 92. Ka5 Qd4 0-1

[Event "POL-chT U19 2nd League"]
[Site "Chelm Lubelski"]
[Date "2010.07.14"]
[Round "11"]
[White "Przybylska, Agata"]
[Black "Sosnowska, Monika"]
[Result "1-0"]
[WhiteElo "1521"]
[BlackElo "1457"]
[PlyCount "75"]
[EventDate "2010.07.06"]
[EventType "team-tourn"]
[EventRounds "11"]
[EventCountry "POL"]
[SourceTitle "EXT 2011"]
[Source "ChessBase"]
[SourceDate "2010.11.26"]
[SourceVersion "1"]
[SourceVersionDate "2010.11.26"]
[SourceQuality "1"]
[WhiteTeam "Grzybowo GKSz Solny U19"]
[BlackTeam "Chorzowskie Towarzystwo Szachowe"]
[WhiteTeamCountry "POL"]
[BlackTeamCountry "POL"]

1. e4 e5 2. d4 exd4 3. Qxd4 Nc6 4. Qe3 Nb4 5. Bd3 b6 6. Bd2 Ba6 7. Bxb4 Bxb4+ 8. Nd2 Bc5 9. Qg3 Bxd3 10. Qxg7 Qf6 11. Qxf6 Nxf6 12. cxd3 Ng4 13. Nh3 0-0-0 14. Nb3 Bb4+ 15. Ke2 d5 16. f3 Ne5 17. Rac1 dxe4 18. dxe4 Nd3 19. Rc2 Ne5 20. Nf4 Rhe8 21. Rhc1 c6 22. a3 Be7 23. Nh5 f5 24. Ng3 Nd3 25. Rd1 Nf4+ 26. Ke1 Rxd1+ 27. Kxd1 Rd8+ 28. Kc1 Nd3+ 29. Kb1 Kb7 30. Nxf5 Bf6 31. h3 a5 32. Rd2 c5 33. Nc1 c4 34. Nxd3 cxd3 35. Rd1 Be5 36. Ne3 Bf4 37. Nd5 Bh6 38. Rxd3 1-0